000 00202 a2200097 4500
001 42985
100 _aLawrench
245 _aCharles Napier
260 _aLondon
_bJohn Murray
_c
090 _c26862
_d26862
942 _aNUST-CAE
_cM
_c18738
999 _c278058
_d278058